[Event "28. Obert La Pobla de Lillet"]
[Site "La Pobla de Lillet ESP"]
[Date "2018.08.07"]
[Round "7.6"]
[White "Gomez Jurado, Luis Alberto"]
[Black "Vinals Rioja, Jaume"]
[Result "1/2-1/2"]
[WhiteElo "2256"]
[BlackElo "1985"]
[PlyCount "54"]
[EventDate "2018.08.01"]
[EventType "swiss"]
[EventRounds "9"]
[EventCountry "ESP"]
[SourceTitle "Ajedrez en Madrid"]
[Source "lmi"]
[SourceDate "2018.08.01"]
[SourceVersion "1"]
[SourceVersionDate "2019.06.15"]
[SourceQuality "1"]

1. c4 Nf6 2. g3 c6 3. Nf3 g6 4. Bg2 Bg7 5. O-O O-O 6. Nc3 d5 7. cxd5 Nxd5 8. d4
Bf5 9. Re1 Nxc3 10. bxc3 Be4 11. Ba3 Nd7 12. Bh3 Bxf3 13. exf3 Re8 14. f4 e6
15. Rb1 Qc7 16. Qb3 Rab8 17. Bxe6 fxe6 18. Rxe6 Kh8 19. Rxe8+ Rxe8 20. Qf7 Qc8
21. h4 b5 22. Be7 Nb6 23. f5 gxf5 24. Bf6 Bxf6 25. Qxf6+ Kg8 26. Qg5+ Kh8 27.
Qf6+ Kg8 1/2-1/2

[Event "28. Obert La Pobla de Lillet"]
[Site "La Pobla de Lillet ESP"]
[Date "2018.08.07"]
[Round "7.7"]
[White "Capellades Subirana, Marc"]
[Black "Garcia Escoda, Marc"]
[Result "1/2-1/2"]
[WhiteElo "2211"]
[BlackElo "1861"]
[PlyCount "65"]
[EventDate "2018.08.01"]
[EventType "swiss"]
[EventRounds "9"]
[EventCountry "ESP"]
[SourceTitle "Ajedrez en Madrid"]
[Source "lmi"]
[SourceDate "2018.08.01"]
[SourceVersion "1"]
[SourceVersionDate "2019.06.15"]
[SourceQuality "1"]

1. e4 c5 2. Nf3 Nf6 3. Nc3 d5 4. exd5 Nxd5 5. Bc4 Nb6 6. Bb5+ Bd7 7. d4 cxd4 8.
Qxd4 Nc6 9. Qf4 Qb8 10. Qe4 e6 11. Bf4 Bd6 12. Bxd6 Qxd6 13. Rd1 Qc5 14. Bxc6
Bxc6 15. Qe5 Qxe5+ 16. Nxe5 Bd5 17. Nxd5 Nxd5 18. c4 Nb6 19. b3 f6 20. Nd3
O-O-O 21. Ke2 e5 22. Nc5 Rhe8 23. Rxd8+ Rxd8 24. Rd1 Rxd1 25. Kxd1 Nd7 26. Ne6
g6 27. Ke2 b6 28. Ke3 Kb7 29. f4 Kc6 30. fxe5 Nxe5 31. h3 Kd6 32. Nd4 a6 33. a3
1/2-1/2

[Event "28. Obert La Pobla de Lillet"]
[Site "La Pobla de Lillet ESP"]
[Date "2018.08.07"]
[Round "7.8"]
[White "Moya Arau, Carles"]
[Black "Ayza Ballester, Jordi"]
[Result "0-1"]
[WhiteElo "2034"]
[BlackElo "2198"]
[PlyCount "64"]
[EventDate "2018.08.01"]
[EventType "swiss"]
[EventRounds "9"]
[EventCountry "ESP"]
[SourceTitle "Ajedrez en Madrid"]
[Source "lmi"]
[SourceDate "2018.08.01"]
[SourceVersion "1"]
[SourceVersionDate "2019.06.15"]
[SourceQuality "1"]

1. e4 c5 2. Nc3 a6 3. f4 d6 4. Nf3 g6 5. a4 Bg7 6. Bc4 Nc6 7. O-O e6 8. d3 Nf6
9. f5 d5 10. exd5 exd5 11. Qe1+ Ne7 12. Bb3 gxf5 13. Bg5 Be6 14. Ne5 O-O 15.
Qh4 Ng6 16. Nxg6 fxg6 17. Rae1 Qd6 18. Bf4 Qc6 19. a5 Bf7 20. Ba4 b5 21. axb6
Qxb6 22. Re7 c4+ 23. Be3 Qd6 24. Rb7 Ng4 25. Rd7 Qb4 26. Bd2 cxd3 27. cxd3 Qxb2
28. Nxd5 Qxd2 29. Bb3 g5 30. Ne7+ Kh8 31. Qg3 Qe3+ 32. Qxe3 Nxe3 0-1

[Event "28. Obert La Pobla de Lillet"]
[Site "La Pobla de Lillet ESP"]
[Date "2018.08.07"]
[Round "7.9"]
[White "Simon Padros, Emili"]
[Black "Martin Perez, Pau"]
[Result "1-0"]
[WhiteElo "2166"]
[BlackElo "1874"]
[PlyCount "45"]
[EventDate "2018.08.01"]
[EventType "swiss"]
[EventRounds "9"]
[EventCountry "ESP"]
[SourceTitle "Ajedrez en Madrid"]
[Source "lmi"]
[SourceDate "2018.08.01"]
[SourceVersion "1"]
[SourceVersionDate "2019.06.15"]
[SourceQuality "1"]

1. e4 d6 2. d4 g6 3. Nf3 Bg7 4. Be2 Nf6 5. Nc3 a6 6. O-O O-O 7. Be3 b5 8. a3
Bb7 9. Nd2 Nbd7 10. f4 c5 11. d5 e6 12. dxe6 fxe6 13. Bf3 Qc7 14. Bf2 d5 15. e5
Ne4 16. Bxe4 dxe4 17. Qg4 Qc6 18. Ncxe4 Kh8 19. Be3 Rad8 20. Rad1 Ba8 21. Ng5
Rf5 22. Ndf3 Rdf8 23. Rd6 1-0

[Event "28. Obert La Pobla de Lillet"]
[Site "La Pobla de Lillet ESP"]
[Date "2018.08.07"]
[Round "7.10"]
[White "Planella Sanchez, Jordi"]
[Black "Iagar, Razvan-Gabriel"]
[Result "0-1"]
[WhiteElo "1880"]
[BlackElo "2146"]
[PlyCount "226"]
[EventDate "2018.08.01"]
[EventType "swiss"]
[EventRounds "9"]
[EventCountry "ESP"]
[SourceTitle "Ajedrez en Madrid"]
[Source "lmi"]
[SourceDate "2018.08.01"]
[SourceVersion "1"]
[SourceVersionDate "2019.06.15"]
[SourceQuality "1"]

1. e4 e6 2. Qe2 c5 3. c3 Nc6 4. Nf3 d5 5. d3 Nf6 6. g3 b6 7. Bg2 Ba6 8. e5 Nd7
9. O-O Qc7 10. Re1 g6 11. Bf4 Bg7 12. Nbd2 h6 13. h4 O-O 14. Nf1 Rac8 15. N1h2
Qd8 16. Qd2 Kh7 17. Bh3 Ne7 18. Ng4 Nf5 19. Ne3 Bb7 20. Nxf5 gxf5 21. Qe2 Rh8
22. Kh2 Nf8 23. h5 Qd7 24. Rg1 d4 25. c4 b5 26. b3 a6 27. Nh4 f6 28. Rae1 fxe5
29. Bxe5 Rg8 30. Bg2 Bxg2 31. Nxg2 Qf7 32. Nf4 Rc6 33. Bxg7 Rxg7 34. Qf3 Rd6
35. Re2 Nd7 36. Ng6 Nf6 37. cxb5 axb5 38. Rc1 Nd7 39. Ne5 Nxe5 40. Rxe5 Ra6 41.
Qe2 Rg4 42. Kg2 Qxh5 43. Rxe6 Rxe6 44. Qxe6 f4 45. Qe7+ Rg7 46. Qe4+ Kh8 47.
Qxf4 Rf7 48. Qe4 Qg5 49. Re1 Kg7 50. Re2 Rc7 51. f4 Qf6 52. Kf3 c4 53. bxc4
bxc4 54. dxc4 Rxc4 55. Qe7+ Qxe7 56. Rxe7+ Kf6 57. Rh7 Kg6 58. Rd7 Ra4 59. Rd6+
Kg7 60. Kg4 Rxa2 61. Rd7+ Kf6 62. Rd6+ Kg7 63. Rxd4 Ra3 64. Rd7+ Kf6 65. Rd6+
Kg7 66. Rd5 Rb3 67. Rd6 Ra3 68. Kh4 Ra1 69. Rb6 Rc1 70. Rb7+ Kg6 71. Rb6+ Kg7
72. Kg4 Rc3 73. f5 Rc1 74. Rb7+ Kf6 75. Rb6+ Kg7 76. Rg6+ Kh7 77. Rd6 Kg7 78.
Rd2 Kf6 79. Rf2 Ra1 80. Rf4 Rh1 81. Rf2 Ra1 82. Kh3 Rh1+ 83. Kg2 Ra1 84. g4 Ra3
85. Kh2 Rb3 86. Rc2 Ra3 87. Rc6+ Kg7 88. Rc7+ Kf6 89. Rh7 Kg5 90. Rg7+ Kh4 91.
f6 Ra2+ 92. Kg1 Kg3 93. Kf1 Rf2+ 94. Ke1 Rxf6 95. Ke2 Ra6 96. Ke3 Re6+ 97. Kd4
Kf4 98. Kd5 Re5+ 99. Kd6 Rg5 100. Rh7 Rg6+ 101. Kd5 Kxg4 102. Rf7 h5 103. Rf1
Ra6 104. Rg1+ Kf3 105. Rg7 Ra4 106. Rf7+ Kg2 107. Rb7 h4 108. Rb2+ Kg3 109.
Rb3+ Kg4 110. Rb7 h3 111. Rg7+ Kf3 112. Ke5 Rh4 113. Ra7 h2 0-1

[Event "28. Obert La Pobla de Lillet"]
[Site "La Pobla de Lillet ESP"]
[Date "2018.08.08"]
[Round "8.1"]
[White "Movsziszian, Karen"]
[Black "Longa Yauca, Javier"]
[Result "1/2-1/2"]
[WhiteElo "2536"]
[BlackElo "2268"]
[PlyCount "61"]
[EventDate "2018.08.01"]
[EventType "swiss"]
[EventRounds "9"]
[EventCountry "ESP"]
[SourceTitle "Ajedrez en Madrid"]
[Source "lmi"]
[SourceDate "2018.08.01"]
[SourceVersion "1"]
[SourceVersionDate "2019.06.15"]
[SourceQuality "1"]

1. g3 d5 2. Nf3 g6 3. c4 c6 4. Qa4 Nd7 5. cxd5 cxd5 6. Bg2 Ngf6 7. Nc3 Bg7 8.
O-O O-O 9. d4 Nb6 10. Qb3 Ne4 11. Bf4 Nxc3 12. Qxc3 Bf5 13. Rfc1 Qd7 14. b3
Rfc8 15. Qa5 Be4 16. Ne5 Bxe5 17. dxe5 Bxg2 18. Kxg2 d4 19. Qb4 Rxc1 20. Rxc1
Rd8 21. h4 d3 22. exd3 Nd5 23. Qe4 Nxf4+ 24. Qxf4 Qxd3 25. h5 Qd7 26. h6 Kf8
27. Qe3 Qd5+ 28. Kg1 b6 29. Rc7 Qd1+ 30. Kg2 Qd5+ 31. Kh2 1/2-1/2

[Event "28. Obert La Pobla de Lillet"]
[Site "La Pobla de Lillet ESP"]
[Date "2018.08.08"]
[Round "8.2"]
[White "Fernandez Cardoso, Alexey"]
[Black "Mellado Trivino, Joan"]
[Result "1/2-1/2"]
[WhiteElo "2403"]
[BlackElo "2362"]
[PlyCount "70"]
[EventDate "2018.08.01"]
[EventType "swiss"]
[EventRounds "9"]
[EventCountry "ESP"]
[SourceTitle "Ajedrez en Madrid"]
[Source "lmi"]
[SourceDate "2018.08.01"]
[SourceVersion "1"]
[SourceVersionDate "2019.06.15"]
[SourceQuality "1"]

1. e4 e6 2. d4 d5 3. Nd2 Nc6 4. Ngf3 Nf6 5. e5 Nd7 6. Bd3 Nb4 7. Be2 c5 8. c3
Nc6 9. Bd3 Qb6 10. O-O Be7 11. a3 a5 12. Rb1 a4 13. Re1 cxd4 14. cxd4 g5 15.
Nf1 g4 16. Ng5 Qxd4 17. Be3 Qxe5 18. Qxg4 Qg7 19. Qh5 Rg8 20. Ng3 Nde5 21. Bb5
Bxg5 22. f4 Be7 23. fxe5 Bd7 24. Bxc6 Bxc6 25. Rbc1 d4 26. Bxd4 Qg4 27. Qxg4
Rxg4 28. Bc5 Ra5 29. Bxe7 Kxe7 30. Rc3 h5 31. Re2 Rg5 32. Rce3 h4 33. Nf1 Bb5
34. Rc2 Bc6 35. Rce2 Bb5 1/2-1/2

[Event "28. Obert La Pobla de Lillet"]
[Site "La Pobla de Lillet ESP"]
[Date "2018.08.08"]
[Round "8.3"]
[White "Alarcon Casellas, Rolando"]
[Black "Cervello Tost, Ferran"]
[Result "1/2-1/2"]
[WhiteElo "2385"]
[BlackElo "2326"]
[PlyCount "73"]
[EventDate "2018.08.01"]
[EventType "swiss"]
[EventRounds "9"]
[EventCountry "ESP"]
[SourceTitle "Ajedrez en Madrid"]
[Source "lmi"]
[SourceDate "2018.08.01"]
[SourceVersion "1"]
[SourceVersionDate "2019.06.15"]
[SourceQuality "1"]

1. d4 c6 2. c4 Nf6 3. Nc3 d5 4. e3 g6 5. Nf3 Bg7 6. Be2 O-O 7. O-O Bf5 8. Bd3
e6 9. Re1 Nbd7 10. h3 Bxd3 11. Qxd3 Re8 12. Rd1 Qc7 13. Qe2 Rad8 14. Bd2 dxc4
15. Qxc4 e5 16. dxe5 Nxe5 17. Nxe5 Qxe5 18. Be1 Qe7 19. Qa4 Qc5 20. Qb3 Qb6 21.
Qc2 Rxd1 22. Rxd1 Rd8 23. Na4 Qc7 24. Rxd8+ Qxd8 25. Nc5 b6 26. Nd3 c5 27. b4
Nd7 28. bxc5 Nxc5 29. Nxc5 Qc7 30. Bb4 Bf8 31. Qe4 bxc5 32. Bc3 Qd6 33. Qa8 Qd3
34. Be5 a6 35. Bg3 c4 36. e4 c3 37. Bf4 1/2-1/2

[Event "28. Obert La Pobla de Lillet"]
[Site "La Pobla de Lillet ESP"]
[Date "2018.08.08"]
[Round "8.4"]
[White "Iagar, Razvan-Gabriel"]
[Black "Castillo Dalmau, Albert"]
[Result "1/2-1/2"]
[WhiteElo "2146"]
[BlackElo "2225"]
[PlyCount "44"]
[EventDate "2018.08.01"]
[EventType "swiss"]
[EventRounds "9"]
[EventCountry "ESP"]
[SourceTitle "Ajedrez en Madrid"]
[Source "lmi"]
[SourceDate "2018.08.01"]
[SourceVersion "1"]
[SourceVersionDate "2019.06.15"]
[SourceQuality "1"]

1. d4 Nf6 2. c4 e6 3. Nf3 b6 4. g3 Ba6 5. b3 Bb4+ 6. Bd2 Be7 7. Bg2 c6 8. Bc3
d5 9. Ne5 Nfd7 10. Nxd7 Nxd7 11. Nd2 O-O 12. O-O Nf6 13. Re1 c5 14. cxd5 Nxd5
15. Bb2 cxd4 16. Bxd4 Rc8 17. Rc1 Nb4 18. Rxc8 Qxc8 19. Be4 Bb7 20. Bxb7 Qxb7
21. Qb1 Rd8 22. Nf3 Nc6 1/2-1/2

[Event "28. Obert La Pobla de Lillet"]
[Site "La Pobla de Lillet ESP"]
[Date "2018.08.08"]
[Round "8.5"]
[White "Ayza Ballester, Jordi"]
[Black "Perez Garcia, Adria"]
[Result "0-1"]
[WhiteElo "2198"]
[BlackElo "2115"]
[PlyCount "88"]
[EventDate "2018.08.01"]
[EventType "swiss"]
[EventRounds "9"]
[EventCountry "ESP"]
[SourceTitle "Ajedrez en Madrid"]
[Source "lmi"]
[SourceDate "2018.08.01"]
[SourceVersion "1"]
[SourceVersionDate "2019.06.15"]
[SourceQuality "1"]

1. e4 c6 2. d4 d5 3. Nc3 dxe4 4. Nxe4 Bf5 5. Ng3 Bg6 6. Bc4 e6 7. N1e2 Bd6 8.
Nf4 Nf6 9. c3 O-O 10. O-O Re8 11. Re1 Nbd7 12. Nxg6 hxg6 13. Ne4 Nxe4 14. Rxe4
Qe7 15. Qf3 Qf6 16. Qe2 Nb6 17. Bb3 a5 18. a4 Nd5 19. g3 Nc7 20. Bf4 Bxf4 21.
Rxf4 Qg5 22. Re1 Rad8 23. Qf1 Qe7 24. Rh4 g5 25. Rhe4 g6 26. Re5 b6 27. Qe2 Kg7
28. Qe3 f6 29. Re4 Rd6 30. c4 Kf7 31. d5 c5 32. h4 f5 33. Re5 gxh4 34. Qh6 hxg3
35. fxg3 Qf6 36. Qe3 Rdd8 37. Bd1 exd5 38. cxd5 Rxe5 39. Qxe5 Qxe5 40. Rxe5 Kf6
41. Re3 Rxd5 42. Bf3 Rd2 43. Rb3 Rd6 44. Kf2 Ne8 0-1

[Event "28. Obert La Pobla de Lillet"]
[Site "La Pobla de Lillet ESP"]
[Date "2018.08.08"]
[Round "8.6"]
[White "Sanpera Bonet, Joan Carles"]
[Black "Simon Padros, Emili"]
[Result "1/2-1/2"]
[WhiteElo "2100"]
[BlackElo "2166"]
[PlyCount "61"]
[EventDate "2018.08.01"]
[EventType "swiss"]
[EventRounds "9"]
[EventCountry "ESP"]
[SourceTitle "Ajedrez en Madrid"]
[Source "lmi"]
[SourceDate "2018.08.01"]
[SourceVersion "1"]
[SourceVersionDate "2019.06.15"]
[SourceQuality "1"]

1. e4 g6 2. d4 c6 3. c4 Bg7 4. Nc3 d6 5. Be2 Nf6 6. Nf3 O-O 7. O-O Nbd7 8. Be3
e5 9. dxe5 dxe5 10. h3 Qe7 11. Qd2 Nc5 12. Bxc5 Qxc5 13. Rfd1 Nh5 14. a3 Nf4
15. b4 Qe7 16. Qd6 Qxd6 17. Rxd6 Be6 18. Bf1 Bf6 19. Ne2 Be7 20. Rdd1 Nxe2+ 21.
Bxe2 f6 22. c5 b6 23. cxb6 axb6 24. Rdc1 c5 25. bxc5 Bxc5 26. a4 Rfc8 27. Bb5
Kf7 28. Nd2 Bd4 29. Rab1 Ba2 30. Bc4+ Bxc4 31. Nxc4 1/2-1/2

[Event "28. Obert La Pobla de Lillet"]
[Site "La Pobla de Lillet ESP"]
[Date "2018.08.08"]
[Round "8.8"]
[White "Touzane, Olivier"]
[Black "Gonzalez Saguillo, Oriol"]
[Result "1/2-1/2"]
[WhiteElo "2301"]
[BlackElo "2098"]
[PlyCount "42"]
[EventDate "2018.08.01"]
[EventType "swiss"]
[EventRounds "9"]
[EventCountry "ESP"]
[SourceTitle "Ajedrez en Madrid"]
[Source "lmi"]
[SourceDate "2018.08.01"]
[SourceVersion "1"]
[SourceVersionDate "2019.06.15"]
[SourceQuality "1"]

1. d4 Nf6 2. Bf4 g6 3. Nc3 Bg7 4. Bg5 c5 5. dxc5 Qa5 6. Qd2 Qxc5 7. Bh6 Bxh6 8.
Qxh6 Qxf2+ 9. Kxf2 Ng4+ 10. Kf3 Nxh6 11. Nd5 Kd8 12. g4 d6 13. g5 Ng4 14. h4 h6
15. Bh3 Nc6 16. Bxg4 Ne5+ 17. Kg3 Bxg4 18. Ne3 Be6 19. Nf3 Nxf3 20. Kxf3 Kd7
21. Rad1 Rac8 1/2-1/2

[Event "28. Obert La Pobla de Lillet"]
[Site "La Pobla de Lillet ESP"]
[Date "2018.08.08"]
[Round "8.9"]
[White "Arnijas Fabregas, Marc"]
[Black "Capellades Subirana, Marc"]
[Result "1-0"]
[WhiteElo "2034"]
[BlackElo "2211"]
[PlyCount "103"]
[EventDate "2018.08.01"]
[EventType "swiss"]
[EventRounds "9"]
[EventCountry "ESP"]
[SourceTitle "Ajedrez en Madrid"]
[Source "lmi"]
[SourceDate "2018.08.01"]
[SourceVersion "1"]
[SourceVersionDate "2019.06.15"]
[SourceQuality "1"]

1. c3 Nf6 2. Nf3 g6 3. d3 d5 4. Nbd2 Bg7 5. Qc2 c5 6. e4 O-O 7. Be2 Nc6 8. O-O
e5 9. a3 Nh5 10. Re1 Nf4 11. Bf1 b6 12. b4 cxb4 13. axb4 d4 14. cxd4 Nxb4 15.
Qb1 a5 16. Ba3 Ba6 17. Bxb4 axb4 18. d5 f5 19. g3 fxe4 20. dxe4 Bxf1 21. Rxa8
Nh3+ 22. Kxf1 Qxa8 23. Qxb4 Bh6 24. Kg2 Qc8 25. Rf1 Bxd2 26. Nxd2 Ng5 27. Qxb6
Qh3+ 28. Kg1 Qg4 29. Qe3 Nf3+ 30. Nxf3 Rxf3 31. Qd2 Qxe4 32. Rd1 Rf7 33. d6 Rd7
34. Qc3 Qf5 35. Qc4+ Kg7 36. Qd5 Qf6 37. Rd3 Rf7 38. Rd2 Rd7 39. Kg2 h5 40. Rd3
Kh6 41. h4 e4 42. Qxe4 Rxd6 43. Rxd6 Qxd6 44. Qf4+ Qxf4 45. gxf4 Kg7 46. Kf3
Kf6 47. Ke4 Ke6 48. f5+ gxf5+ 49. Kf4 Kf6 50. f3 Ke6 51. Kg5 Ke5 52. Kxh5 1-0

[Event "28. Obert La Pobla de Lillet"]
[Site "La Pobla de Lillet ESP"]
[Date "2018.08.08"]
[Round "8.10"]
[White "Garcia Escoda, Marc"]
[Black "Vinals Rioja, Jaume"]
[Result "1/2-1/2"]
[WhiteElo "1861"]
[BlackElo "1985"]
[PlyCount "42"]
[EventDate "2018.08.01"]
[EventType "swiss"]
[EventRounds "9"]
[EventCountry "ESP"]
[SourceTitle "Ajedrez en Madrid"]
[Source "lmi"]
[SourceDate "2018.08.01"]
[SourceVersion "1"]
[SourceVersionDate "2019.06.15"]
[SourceQuality "1"]

1. e4 d5 2. exd5 Nf6 3. Nc3 Nxd5 4. Bc4 c6 5. Qf3 Nf6 6. Ne4 e6 7. Nxf6+ Qxf6
8. Qxf6 gxf6 9. d4 Bd6 10. Nf3 b6 11. Be3 Rg8 12. g3 Ba6 13. Nd2 Bxc4 14. Nxc4
Bc7 15. O-O-O Nd7 16. Rhe1 O-O-O 17. b3 h5 18. h4 Rg4 19. Nb2 b5 20. c3 Nb6 21.
Nd3 Nd5 1/2-1/2

[Event "28. Obert La Pobla de Lillet"]
[Site "La Pobla de Lillet ESP"]
[Date "2018.08.09"]
[Round "9.2"]
[White "Perez Garcia, Adria"]
[Black "Fernandez Cardoso, Alexey"]
[Result "0-1"]
[WhiteElo "2115"]
[BlackElo "2403"]
[PlyCount "112"]
[EventDate "2018.08.01"]
[EventType "swiss"]
[EventRounds "9"]
[EventCountry "ESP"]
[SourceTitle "Ajedrez en Madrid"]
[Source "lmi"]
[SourceDate "2018.08.01"]
[SourceVersion "1"]
[SourceVersionDate "2019.06.15"]
[SourceQuality "1"]

1. e4 c5 2. c3 d6 3. d4 Nf6 4. Bd3 Nc6 5. Nf3 e5 6. dxe5 dxe5 7. O-O Be7 8. Qe2
a6 9. a4 O-O 10. Rd1 Qc7 11. Bg5 Nh5 12. Be3 Re8 13. Ng5 Nf4 14. Bxf4 exf4 15.
Qh5 Bxg5 16. Qxg5 Ne5 17. Be2 Ng6 18. Qd5 Be6 19. Qd6 Qxd6 20. Rxd6 Red8 21.
Rxd8+ Rxd8 22. Kf1 Kf8 23. Ke1 Nh4 24. g3 Ng2+ 25. Kf1 Bh3 26. Kg1 f3 27. Bxf3
Ne1 28. Be2 Nc2 29. Ra2 Be6 30. c4 Nd4 31. Bf1 Nf3+ 32. Kg2 Ng5 33. Be2 Nxe4
34. Nc3 Rd2 35. b3 Rxa2 36. Nxa2 Nd2 37. Bd1 Ke7 38. Nc3 Kd6 39. f4 Bd7 40. Kf2
Bc6 41. Bc2 h6 42. h3 Nf3 43. Ne2 Nd4 44. Nxd4 cxd4 45. Ke2 Kc5 46. Kd3 a5 47.
Bd1 Bg2 48. h4 f5 49. Kc2 Be4+ 50. Kb2 Kb4 51. g4 fxg4 52. Bxg4 b6 53. Be6 d3
54. Bg4 Bg2 55. Bd1 Bf1 56. Bf3 Be2 0-1

[Event "28. Obert La Pobla de Lillet"]
[Site "La Pobla de Lillet ESP"]
[Date "2018.08.09"]
[Round "9.3"]
[White "Castillo Dalmau, Albert"]
[Black "Alarcon Casellas, Rolando"]
[Result "0-1"]
[WhiteElo "2225"]
[BlackElo "2385"]
[PlyCount "110"]
[EventDate "2018.08.01"]
[EventType "swiss"]
[EventRounds "9"]
[EventCountry "ESP"]
[SourceTitle "Ajedrez en Madrid"]
[Source "lmi"]
[SourceDate "2018.08.01"]
[SourceVersion "1"]
[SourceVersionDate "2019.06.15"]
[SourceQuality "1"]

1. c4 e5 2. g3 Nc6 3. Bg2 Bc5 4. Nc3 a6 5. a3 d6 6. b4 Ba7 7. e3 Nf6 8. Bb2 O-O
9. Nge2 Bf5 10. d3 Qd7 11. h3 h6 12. g4 Bg6 13. Ng3 Rab8 14. O-O Ne7 15. Kh2
Nh7 16. e4 Ng5 17. Nce2 Ne6 18. f4 exf4 19. Nxf4 Nxf4 20. Rxf4 Rbd8 21. Nf5 f6
22. d4 c6 23. Kh1 d5 24. cxd5 cxd5 25. Qb3 Bb8 26. Rf2 Kh8 27. Re1 Qc7 28. Kg1
dxe4 29. Bxe4 Nxf5 30. gxf5 Bf7 31. Qf3 Qg3+ 32. Kh1 Bh5 33. Qg2 Rfe8 34. Rg1
Rxe4 35. Qxg3 Bxg3 36. Rxg3 Bf7 37. Rg4 Re1+ 38. Rg1 Re3 39. Kh2 Bd5 40. Rg3
Re7 41. Bc1 Rc8 42. Bf4 Re4 43. Re3 Rxd4 44. Bd6 Rd1 45. Bc5 Bc6 46. Kg3 Rcd8
47. Kf4 Rg1 48. Rc2 Rf1+ 49. Kg4 h5+ 50. Kxh5 Bf3+ 51. Kg6 Rg1+ 52. Kf7 Bh5+
53. Ke7 Rgd1 54. Ke6 Re8+ 55. Be7 Kg8 0-1

[Event "28. Obert La Pobla de Lillet"]
[Site "La Pobla de Lillet ESP"]
[Date "2018.08.09"]
[Round "9.5"]
[White "Renteria, Jorge"]
[Black "Iagar, Razvan-Gabriel"]
[Result "1/2-1/2"]
[WhiteElo "2280"]
[BlackElo "2146"]
[PlyCount "66"]
[EventDate "2018.08.01"]
[EventType "swiss"]
[EventRounds "9"]
[EventCountry "ESP"]
[SourceTitle "Ajedrez en Madrid"]
[Source "lmi"]
[SourceDate "2018.08.01"]
[SourceVersion "1"]
[SourceVersionDate "2019.06.15"]
[SourceQuality "1"]

1. e4 e6 2. d4 d5 3. Nd2 c5 4. exd5 Qxd5 5. Ngf3 cxd4 6. Bc4 Qd6 7. O-O Nf6 8.
Nb3 Nc6 9. Nbxd4 Nxd4 10. Nxd4 a6 11. Re1 Qc7 12. Qe2 Bd6 13. Bg5 O-O 14. Bxf6
gxf6 15. Bd3 f5 16. Qh5 Qd8 17. Rad1 Qf6 18. c3 b5 19. Bc2 Bc7 20. Re3 Rd8 21.
Rh3 Qg6 22. Qf3 Bd7 23. Nxf5 exf5 24. Rxd7 Rxd7 25. Qxa8+ Kg7 26. Rd3 Rxd3 27.
Bxd3 Qd6 28. Qf3 Qxh2+ 29. Kf1 Qh1+ 30. Ke2 Qc1 31. Qxf5 Qxb2+ 32. Kf3 Qxc3 33.
Qxh7+ Kf8 1/2-1/2

[Event "28. Obert La Pobla de Lillet"]
[Site "La Pobla de Lillet ESP"]
[Date "2018.08.09"]
[Round "9.6"]
[White "Simon Padros, Emili"]
[Black "Arnijas Fabregas, Marc"]
[Result "1-0"]
[WhiteElo "2166"]
[BlackElo "2034"]
[PlyCount "69"]
[EventDate "2018.08.01"]
[EventType "swiss"]
[EventRounds "9"]
[EventCountry "ESP"]
[SourceTitle "Ajedrez en Madrid"]
[Source "lmi"]
[SourceDate "2018.08.01"]
[SourceVersion "1"]
[SourceVersionDate "2019.06.15"]
[SourceQuality "1"]

1. e4 c6 2. d4 d5 3. e5 g6 4. f4 h5 5. Nf3 Nh6 6. Be2 Bg4 7. c3 e6 8. Be3 Qb6
9. Qb3 Nd7 10. Na3 Rc8 11. O-O a6 12. c4 Nf5 13. Qd3 Bxf3 14. Bxf3 Bxa3 15.
Qxa3 dxc4 16. Rfd1 Nxe3 17. Qxe3 Qa7 18. Qa3 b5 19. b3 Nb6 20. Qc5 Qc7 21. Rac1
Kd7 22. g3 Rhd8 23. Be2 cxb3 24. axb3 Nd5 25. Bf3 Ra8 26. Bxd5 exd5 27. f5 g5
28. e6+ fxe6 29. fxe6+ Kxe6 30. Rf1 Qd6 31. Rcd1 Kd7 32. Rf7+ Kc8 33. Qxd6 Rxd6
34. Rf8+ Rd8 35. Rxd8+ 1-0

[Event "28. Obert La Pobla de Lillet"]
[Site "La Pobla de Lillet ESP"]
[Date "2018.08.09"]
[Round "9.7"]
[White "Touzane, Olivier"]
[Black "Sanpera Bonet, Joan Carles"]
[Result "1-0"]
[WhiteElo "2301"]
[BlackElo "2100"]
[PlyCount "77"]
[EventDate "2018.08.01"]
[EventType "swiss"]
[EventRounds "9"]
[EventCountry "ESP"]
[SourceTitle "Ajedrez en Madrid"]
[Source "lmi"]
[SourceDate "2018.08.01"]
[SourceVersion "1"]
[SourceVersionDate "2019.06.15"]
[SourceQuality "1"]

1. d4 d6 2. e4 Nf6 3. Nc3 Nc6 4. Nf3 e5 5. dxe5 Nxe5 6. Nxe5 dxe5 7. Qxd8+ Kxd8
8. Bg5 h6 9. O-O-O+ Bd6 10. Bc4 Be6 11. f4 Ke8 12. Bb5+ Kf8 13. f5 a6 14. Ba4
Bc4 15. Bxf6 gxf6 16. Bb3 Bb5 17. a4 Bc6 18. Bd5 Ke7 19. Bxc6 bxc6 20. Rd3 Rhg8
21. g3 Rab8 22. b3 Rg4 23. h3 Rg5 24. Nd1 Rb4 25. Re1 Rb8 26. Nb2 Rbg8 27. Ree3
Ba3 28. Kb1 Bxb2 29. Kxb2 Rd8 30. Kc3 Rd6 31. Kb4 Rg8 32. Ka5 c5 33. Rc3 Rc6
34. Rc4 Rd8 35. Rec3 Rd4 36. Rxc5 Rxc5+ 37. Rxc5 Kd6 38. Rc4 Rd1 39. Kxa6 1-0

[Event "28. Obert La Pobla de Lillet"]
[Site "La Pobla de Lillet ESP"]
[Date "2018.08.09"]
[Round "9.8"]
[White "Masachs Vendrell, Francesc"]
[Black "Gomez Jurado, Luis Alberto"]
[Result "0-1"]
[WhiteElo "1969"]
[BlackElo "2256"]
[PlyCount "72"]
[EventDate "2018.08.01"]
[EventType "swiss"]
[EventRounds "9"]
[EventCountry "ESP"]
[SourceTitle "Ajedrez en Madrid"]
[Source "lmi"]
[SourceDate "2018.08.01"]
[SourceVersion "1"]
[SourceVersionDate "2019.06.15"]
[SourceQuality "1"]

1. d4 d5 2. Nf3 Nf6 3. Bg5 c6 4. c3 Ne4 5. Bh4 Qb6 6. Qb3 Nd7 7. Nbd2 Nxd2 8.
Nxd2 e5 9. e4 Qxb3 10. axb3 exd4 11. exd5 dxc3 12. bxc3 cxd5 13. Ra5 Bc5 14.
Bb5 Bb6 15. Bxd7+ Bxd7 16. Rxd5 Be6 17. Re5 O-O 18. O-O Rfc8 19. c4 Bd4 20. Re4
Bc3 21. Rd1 Bf5 22. Re2 Bc2 23. Rc1 Bd3 24. Rxc3 Bxe2 25. f3 b5 26. Kf2 b4 27.
Rc1 Bd3 28. Ke3 Bf5 29. g4 Be6 30. Ne4 a5 31. Nd6 Rc6 32. Nb5 a4 33. Nd4 Rcc8
34. c5 axb3 35. Be7 b2 36. Rb1 Re8 0-1